| Tag |
First Indicator |
Second Indicator |
Subfields |
| LEADER |
00000cam a22000001a 4500 |
| 001 |
in00004100548 |
| 005 |
20200117091315.0 |
| 006 |
m d f |
| 007 |
cr bn mmmapmmp |
| 008 |
100709s2010 dcua ob f000 0 eng d |
| 035 |
|
|
|a chdc201000972
|
| 040 |
|
|
|a UMI
|c UMI
|d UtOrBLW
|
| 042 |
|
|
|a pcc
|
| 043 |
|
|
|a n-us---
|
| 074 |
|
|
|a 1032-C
|
| 086 |
0 |
|
|a Y 4.AG 8/3:S.HRG.111-243
|
| 110 |
1 |
|
|a United States.
|b Congress.
|b Senate.
|b Committee on Agriculture, Nutrition, and Forestry.
|0 http://id.loc.gov/authorities/names/n78080632
|
| 245 |
1 |
0 |
|a Hearing to consider the nominations of Joe Leonard, Jr., Kathleen A. Merrigan, and James W. Miller to the U.S. Department of Agriculture :
|b hearing before the Committee on Agriculture, Nutrition, and Forestry, United States Senate, One Hundred Eleventh Congress, first session, April 1, 2009.
|
| 264 |
|
1 |
|a Washington :
|b U.S. G.P.O.,
|c 2010.
|
| 264 |
|
2 |
|a Washington :
|b For sale by the Supt. of Docs., U.S. G.P.O.
|
| 300 |
|
|
|a iv, 192 pages :
|b illustrations, digital, PDF file.
|
| 336 |
|
|
|a text
|b txt
|2 rdacontent
|
| 337 |
|
|
|a computer
|b c
|2 rdamedia
|
| 338 |
|
|
|a online resource
|b cr
|2 rdacarrier
|
| 490 |
1 |
|
|a S. hrg. ;
|v 111-243
|
| 500 |
|
|
|a "Joe Leonard, Jr., of the District of Columbia, nominee to be Under Secretary for Civil Rights, U.S. Department of Agriculture; Kathleen A. Merrigan, of Massachusetts, nominee to be deputy secretary, U.S. Department of Agriculture; James W. Miller, of Virginia, nominee to be Under Secretary for Farm and Foreign Agricultural Services, U.S. Department of Agriculture"---P. iii.
|
| 500 |
|
|
|a Shipping list number: 2010-0203-P.
|
| 504 |
|
|
|a Includes bibliographical references (pages 175-177).
|
| 500 |
|
|
|a Record is based on bibliographic data in ProQuest Congressional Hearings Digital Collection. Reuse except for individual research requires license from ProQuest, LLC.
|
| 500 |
|
|
|a Electronic resource.
|
| 533 |
|
|
|a Electronic reproduction.
|b [Bethesda, Md.] :
|c ProQuest,
|d 2010.
|e digital, PDF file.
|n ProQuest U.S. Congressional Hearings Digital Collection.
|n Mode of access: World Wide Web via ProQuest website.
|
| 538 |
|
|
|a System requirements: PDF reader software.
|
| 600 |
1 |
0 |
|a Leonard, Joe,
|d 1966-
|0 http://id.loc.gov/authorities/names/no2010071405
|
| 600 |
1 |
0 |
|a Merrigan, Kathleen
|q (Kathleen Ann),
|d 1959-
|0 http://id.loc.gov/authorities/names/no2010071417
|
| 600 |
1 |
0 |
|a Miller, James Warren,
|d 1949-
|0 http://id.loc.gov/authorities/names/no2010071438
|
| 610 |
1 |
0 |
|a United States.
|b Department of Agriculture.
|b Office of the Secretary
|x Officials and employees
|x Selection and appointment.
|
| 776 |
0 |
8 |
|i Print version:
|a United States. Congress. Senate. Committee on Agriculture, Nutrition, and Forestry.
|t Hearing to consider the nominations of Joe Leonard, Jr., Kathleen A. Merrigan, and James W. Miller to the U.S. Department of Agriculture
|w 9780160856341
|w 0160856345
|w (OCoLC)ocn610062300
|z 2010443727
|
| 776 |
0 |
8 |
|i Microfiche version:
|a United States. Congress. Senate. Committee on Agriculture, Nutrition, and Forestry.
|t Hearing to consider the nominations of Joe Leonard, Jr., Kathleen A. Merrigan, and James W. Miller to the U.S. Department of Agriculture
|d [Bethesda, Md.] : ProQuest,[2010]
|o CIS 2010 S161-6
|w (ProQuest)cis01002649
|
| 810 |
1 |
|
|a United States.
|b Congress.
|b Senate.
|t S. hrg. ;
|v 111-243.
|0 http://id.loc.gov/authorities/names/n83707917
|
| 856 |
4 |
0 |
|u http://proxy.library.tamu.edu/login?url=http://search.proquest.com/congcomp/getdoc?HEARING-ID=HRG-2009-ANF-0006
|y Electronic resource (PDF)
|t 0
|
| 998 |
|
|
|a cis01002649
|
| 999 |
f |
f |
|s 29574052-3283-39cd-8d0e-a7d973a516be
|i ea19463e-c61b-35d4-ae0b-220e7a50175b
|t 0
|
| 952 |
f |
f |
|a Texas A&M University
|b College Station
|c Electronic Resources
|d Available Online
|t 0
|e Y 4.AG 8/3:S.HRG.111-243
|h Superintendent of Documents classification
|
| 998 |
f |
f |
|a Y 4.AG 8/3:S.HRG.111-243
|t 0
|l Available Online
|